[Event "4NCL/Div1/BET vs. WGR1"]
[Site "Birmingham ENG"]
[Date "2006.04.29"]
[Round "9.5"]
[White "Eames, Robert G"]
[Black "Baburin, Alexander"]
[Result "1/2-1/2"]
[WhiteElo "2311"]
[BlackElo "2519"]
[PlyCount "185"]
[EventDate "2006.04.29"]
[EventType "team"]
[EventRounds "11"]
[EventCountry "ENG"]
[WhiteTeam "Betsson.com"]
[BlackTeam "Wood Green 1"]

1. e4 Nf6 2. e5 Nd5 3. d4 d6 4. c4 Nb6 5. f4 Bf5 6. Nc3 e6 7. Nf3 Na6 8. Bd3
Bxd3 9. Qxd3 c5 10. Be3 Nb4 11. Qe2 dxe5 12. fxe5 cxd4 13. Bxd4 Nc6 14. Bf2 Bb4
15. O-O Bxc3 16. bxc3 Nd7 17. Bh4 Qc7 18. Ng5 O-O 19. Qh5 h6 20. Nxf7 Ndxe5 21.
Nxe5 Qxe5 22. Qxe5 Nxe5 23. Rfe1 Nxc4 24. Rxe6 Rae8 25. Rae1 Rxe6 26. Rxe6 Rf5
27. Bf2 Ra5 28. Re7 Nd6 29. Rd7 Rxa2 30. g4 Nf7 31. Rxb7 a5 32. Bd4 a4 33. Ra7
Ng5 34. Rxg7+ Kf8 35. Ra7 Nf3+ 36. Kf1 Nxh2+ 37. Ke1 Nxg4 38. Kd1 h5 39. Kc1 h4
40. Kb1 Rg2 41. Rh7 Rh2 42. Rg7 Nf2 43. Kb2 h3 44. Ka3 Rh1 45. Rh7 Ng4 46. Bc5+
Ke8 47. Bd6 Ra1+ 48. Kb2 Rd1 49. Rxh3 Rxd6 50. Rh4 Rg6 51. Ka3 Kd7 52. Kxa4 Kc6
53. Kb4 Ne5 54. c4 Kb6 55. c5+ Kc6 56. Rd4 Rg1 57. Rd6+ Kc7 58. Re6 Rb1+ 59.
Kc3 Nd7 60. Kd4 Rd1+ 61. Kc4 Rc1+ 62. Kd4 Nxc5 63. Rh6 Nb7 64. Kd5 Rc5+ 65. Kd4
Rg5 66. Rh7+ Kc6 67. Rh6+ Nd6 68. Rf6 Rg4+ 69. Ke3 Kd5 70. Rf4 Nc4+ 71. Kf3
Ne5+ 72. Ke3 Rg3+ 73. Ke2 Ra3 74. Rh4 Nf3 75. Rg4 Nd4+ 76. Kd2 Kc4 77. Rg8 Rd3+
78. Ke1 Rf3 79. Kd2 Rd3+ 80. Ke1 Kd5 81. Rd8+ Ke4 82. Re8+ Kf4 83. Rf8+ Nf5 84.
Ke2 Rd7 85. Rf6 Rd8 86. Rf7 Ke4 87. Rf6 Nd4+ 88. Kd2 Rc8 89. Rf7 Rc2+ 90. Ke1
Rg2 91. Re7+ Kd3 92. Rd7 Re2+ 93. Kf1 1/2-1/2

[Event "4NCL/Div1/BET vs. WGR1"]
[Site "Birmingham ENG"]
[Date "2006.04.29"]
[Round "9.6"]
[White "Emms, John M"]
[Black "Ledger, David J"]
[Result "1-0"]
[WhiteElo "2502"]
[BlackElo "2252"]
[PlyCount "43"]
[EventDate "2006.04.29"]
[EventType "team"]
[EventRounds "11"]
[EventCountry "ENG"]
[WhiteTeam "Wood Green 1"]
[BlackTeam "Betsson.com"]

1. e4 e5 2. Nf3 Nc6 3. Bc4 Bc5 4. c3 Nf6 5. d3 a6 6. Bb3 d6 7. Nbd2 O-O 8. h3
Ba7 9. Nf1 d5 10. Qe2 Qd6 11. Ng3 Na5 12. Bc2 dxe4 13. dxe4 Bd7 14. Nh4 Bb5 15.
Qf3 Rfe8 16. Nhf5 Qf8 17. h4 Re6 18. Nxg7 Kxg7 19. Bh6+ Kxh6 20. Nf5+ Kg6 21.
Qg3+ Kh5 22. Qg5# 1-0

[Event "4NCL/Div1/BET vs. WGR1"]
[Site "Birmingham ENG"]
[Date "2006.04.29"]
[Round "9.7"]
[White "Ledger, Stephen C"]
[Black "Cramling, Pia"]
[Result "0-1"]
[WhiteElo "2175"]
[BlackElo "2520"]
[PlyCount "62"]
[EventDate "2006.04.29"]
[EventType "team"]
[EventRounds "11"]
[EventCountry "ENG"]
[WhiteTeam "Betsson.com"]
[BlackTeam "Wood Green 1"]

1. d4 d6 2. Nf3 g6 3. Bf4 Bg7 4. e3 Nd7 5. h3 e5 6. Bh2 Qe7 7. Be2 f5 8. c4 Nh6
9. Nc3 c6 10. O-O O-O 11. Rc1 Nf7 12. b4 g5 13. Ne1 Nf6 14. b5 Bd7 15. bxc6
bxc6 16. Rb1 f4 17. Nc2 Bf5 18. Rb3 c5 19. dxc5 dxc5 20. exf4 Rad8 21. Qc1 exf4
22. Bf3 Ne5 23. Bd5+ Nxd5 24. Nxd5 Qf7 25. Ne1 Nxc4 26. Qxc4 Qxd5 27. Qxd5+
Rxd5 28. h4 h6 29. hxg5 hxg5 30. Nf3 c4 31. Rb7 Be4 0-1

[Event "4NCL/Div1/BET vs. WGR1"]
[Site "Birmingham ENG"]
[Date "2006.04.29"]
[Round "9.8"]
[White "Pert, Richard G"]
[Black "Tidman, Sophie"]
[Result "1-0"]
[WhiteElo "2430"]
[BlackElo "2086"]
[PlyCount "55"]
[EventDate "2006.04.29"]
[EventType "team"]
[EventRounds "11"]
[EventCountry "ENG"]
[WhiteTeam "Wood Green 1"]
[BlackTeam "Betsson.com"]

1. d4 e6 2. Nf3 Nf6 3. c4 c5 4. d5 exd5 5. cxd5 d6 6. Nc3 g6 7. e4 a6 8. Qe2
Bg4 9. e5 Bxf3 10. gxf3 dxe5 11. Qxe5+ Qe7 12. Bf4 Qxe5+ 13. Bxe5 Nbd7 14. Bc7
Bh6 15. Bh3 O-O 16. O-O Rfe8 17. Rfe1 b5 18. d6 Bf4 19. Ne4 Kg7 20. Rad1 Ne5
21. Kg2 Nfd7 22. Nc3 f5 23. Nd5 Bh6 24. f4 Nc6 25. Kf1 Nd4 26. Bg2 Ne6 27. Ne7
Nxf4 28. Bxa8 1-0

[Event "4NCL/Div1/GUI2 vs. NWE1"]
[Site "Birmingham ENG"]
[Date "2006.04.29"]
[Round "9.1"]
[White "Conquest, Stuart C"]
[Black "Dgebuadze, Alexandre"]
[Result "1/2-1/2"]
[WhiteElo "2505"]
[BlackElo "2535"]
[PlyCount "63"]
[EventDate "2006.04.29"]
[EventType "team"]
[EventRounds "11"]
[EventCountry "ENG"]
[WhiteTeam "Guildford-ADC 2"]
[BlackTeam "N W Eagles 1"]

1. d4 e6 2. c4 Nf6 3. Nc3 Bb4 4. e3 b6 5. Nge2 c5 6. a3 Ba5 7. Rb1 Na6 8. g3
Bb7 9. d5 b5 10. Bg2 bxc4 11. O-O e5 12. f4 O-O 13. e4 Re8 14. h3 d6 15. Kh1
Bc8 16. f5 Rb8 17. Bd2 Nc7 18. g4 Nb5 19. Nxb5 Rxb5 20. Bxa5 Rxa5 21. Qd2 Rb5
22. Bf3 Rb3 23. Nc3 h6 24. Rbe1 Bd7 25. Bd1 Rb6 26. Rf2 Nh7 27. Kh2 Qh4 28. Qe3
Reb8 29. Ree2 Nf6 30. Rd2 Nh7 31. Qg3 Qxg3+ 32. Kxg3 1/2-1/2

[Event "4NCL/Div1/GUI2 vs. NWE1"]
[Site "Birmingham ENG"]
[Date "2006.04.29"]
[Round "9.2"]
[White "Sebag, Marie"]
[Black "Plaskett, James"]
[Result "1/2-1/2"]
[WhiteElo "2434"]
[BlackElo "2485"]
[PlyCount "108"]
[EventDate "2006.04.29"]
[EventType "team"]
[EventRounds "11"]
[EventCountry "ENG"]
[WhiteTeam "N W Eagles 1"]
[BlackTeam "Guildford-ADC 2"]

1. e4 c5 2. c3 e6 3. Nf3 d5 4. exd5 Qxd5 5. d4 Nf6 6. Be2 Nc6 7. O-O cxd4 8.
cxd4 Be7 9. Nc3 Qd6 10. Nb5 Qd8 11. Bf4 O-O 12. Bc7 Qd7 13. Ne5 Nxe5 14. Bxe5
a6 15. Nc7 Ra7 16. d5 exd5 17. Bf3 b6 18. Nxd5 Nxd5 19. Qxd5 Qxd5 20. Bxd5 Rd8
21. Bb8 Rad7 22. Bc6 Rd2 23. Bc7 Rf8 24. Bxb6 Rxb2 25. Rfb1 Rxb1+ 26. Rxb1 Bf5
27. Re1 Ba3 28. Bd5 Rb8 29. Bc7 Rb1 30. Rxb1 Bxb1 31. Kf1 Bd3+ 32. Ke1 Bb4+ 33.
Kd1 Kf8 34. Kc1 Ke7 35. Kb2 f6 36. Kb3 Be1 37. Bg3 Be2 38. Bc4 Bd1+ 39. Kb2 a5
40. Bb3 Be2 41. Bc2 g6 42. Kb3 f5 43. f3 Bxg3 44. hxg3 Bb5 45. Kc3 Kd6 46. Kd4
Bf1 47. g4 fxg4 48. fxg4 Bxg2 49. g5 Bh3 50. a3 Bf5 51. Bb3 Be6 52. Bc2 Ba2 53.
Bd3 Bb3 54. Be4 Ba2 1/2-1/2

[Event "4NCL/Div1/GUI2 vs. NWE1"]
[Site "Birmingham ENG"]
[Date "2006.04.29"]
[Round "9.3"]
[White "Flear, Glenn C"]
[Black "Morrison, Graham"]
[Result "1/2-1/2"]
[WhiteElo "2465"]
[BlackElo "2326"]
[PlyCount "72"]
[EventDate "2006.04.29"]
[EventType "team"]
[EventRounds "11"]
[EventCountry "ENG"]
[WhiteTeam "Guildford-ADC 2"]
[BlackTeam "N W Eagles 1"]

1. d4 Nf6 2. c4 e6 3. Nc3 Bb4 4. Qc2 O-O 5. a3 Bxc3+ 6. Qxc3 b6 7. Bg5 Ba6 8.
Qf3 Nc6 9. e3 Bb7 10. Qd1 Ne7 11. f3 Ng6 12. e4 h6 13. Be3 d5 14. cxd5 exd5 15.
e5 Ne8 16. Bd3 c5 17. Nh3 cxd4 18. Bxd4 Qh4+ 19. Bf2 Qe7 20. f4 Nd6 21. O-O Ne4
22. Bd4 Qh4 23. Rc1 Rac8 24. Rxc8 Bxc8 25. Bxe4 dxe4 26. f5 e3 27. Bc3 Qe4 28.
Qf3 Qxf3 29. Rxf3 Nh4 30. Rxe3 Bxf5 31. Nf4 Ng6 32. Ne2 Re8 33. Kf2 Bd7 34. g3
Bc6 35. Nd4 Bd7 36. Ne2 Bc6 1/2-1/2

[Event "4NCL/Div1/GUI2 vs. NWE1"]
[Site "Birmingham ENG"]
[Date "2006.04.29"]
[Round "9.4"]
[White "Quillan, Gary"]
[Black "Cherniaev, Alexander"]
[Result "0-1"]
[WhiteElo "2356"]
[BlackElo "2460"]
[PlyCount "80"]
[EventDate "2006.04.29"]
[EventType "team"]
[EventRounds "11"]
[EventCountry "ENG"]
[WhiteTeam "N W Eagles 1"]
[BlackTeam "Guildford-ADC 2"]

1. e4 c5 2. Nf3 Nc6 3. Bb5 e6 4. O-O Nge7 5. c3 a6 6. Bxc6 Nxc6 7. d4 d5 8.
exd5 Qxd5 9. dxc5 Qxd1 10. Rxd1 Bxc5 11. Nbd2 e5 12. Ne4 Ba7 13. Nd6+ Ke7 14.
b3 f6 15. Ba3 Ke6 16. Nxc8 Raxc8 17. Rd6+ Kf5 18. Rd7 g5 19. Rxb7 Rhd8 20. h3
e4 21. Nh2 Rd2 22. Ng4 h5 23. Ne3+ Kg6 24. Bc1 Bxe3 25. Bxd2 Bxd2 26. c4 e3 27.
fxe3 Bxe3+ 28. Kf1 Rd8 29. Re1 Rd3 30. Rc7 Ne5 31. b4 Rc3 32. c5 Kf5 33. a4 Kf4
34. Re2 a5 35. bxa5 Rxc5 36. Rb7 Rc4 37. g3+ Ke4 38. a6 Rxa4 39. a7 Kf3 40. Rb3
Nc4 0-1

[Event "4NCL/Div1/GUI2 vs. NWE1"]
[Site "Birmingham ENG"]
[Date "2006.04.29"]
[Round "9.5"]
[White "Prie, Eric"]
[Black "Macak, Stefan"]
[Result "1-0"]
[WhiteElo "2475"]
[BlackElo "2343"]
[PlyCount "73"]
[EventDate "2006.04.29"]
[EventType "team"]
[EventRounds "11"]
[EventCountry "ENG"]
[WhiteTeam "Guildford-ADC 2"]
[BlackTeam "N W Eagles 1"]

1. d4 Nf6 2. Nf3 g6 3. Bf4 Bg7 4. e3 O-O 5. h3 d6 6. c4 Nbd7 7. Nc3 c6 8. Be2
Qe8 9. O-O e5 10. Bh2 Qe7 11. Re1 Ne8 12. b4 e4 13. Nd2 f5 14. Rb1 g5 15. a4
Kh8 16. a5 Ndf6 17. c5 a6 18. Nc4 Be6 19. cxd6 Qf7 20. Na4 Rd8 21. Qc2 Nd5 22.
Nc5 f4 23. Nxe4 Bf5 24. Bd3 Bxe4 25. Bxe4 Nxd6 26. Nxd6 Rxd6 27. Bf3 Rdd8 28.
Kh1 Qf6 29. Qd2 Qd6 30. Bg1 Rf7 31. Bh2 Kg8 32. Be2 Bf8 33. Bc4 Qh6 34. e4 f3
35. exd5 fxg2+ 36. Kxg2 g4 37. Qxh6 1-0

[Event "4NCL/Div1/GUI2 vs. NWE1"]
[Site "Birmingham ENG"]
[Date "2006.04.29"]
[Round "9.6"]
[White "Carleton, John J"]
[Black "van Delft, Merijn"]
[Result "0-1"]
[WhiteElo "2284"]
[BlackElo "2372"]
[PlyCount "66"]
[EventDate "2006.04.29"]
[EventType "team"]
[EventRounds "11"]
[EventCountry "ENG"]
[WhiteTeam "N W Eagles 1"]
[BlackTeam "Guildford-ADC 2"]

1. d4 d5 2. c4 c6 3. Nc3 Nf6 4. cxd5 cxd5 5. Bf4 Nc6 6. e3 a6 7. Bd3 e6 8. Rc1
Be7 9. h3 O-O 10. Nf3 b5 11. O-O Bb7 12. Ne5 Qb6 13. Bg5 Rad8 14. f4 Rd6 15.
Qf3 h6 16. Bh4 Nd7 17. Bg3 Ncxe5 18. fxe5 Rc6 19. Qh5 Bg5 20. Rce1 f5 21. exf6
Rxf6 22. h4 Rxf1+ 23. Rxf1 Bf6 24. Nxd5 exd5 25. Qxd5+ Re6 26. Qxd7 Rxe3 27.
Bg6 Qd8 28. Qxb7 Rxg3 29. Qf7+ Kh8 30. Rf4 Bxd4+ 31. Kh2 Rxg6 32. Qxg6 Be5 33.
Qg3 Qd6 0-1

[Event "4NCL/Div1/GUI2 vs. NWE1"]
[Site "Birmingham ENG"]
[Date "2006.04.29"]
[Round "9.7"]
[White "Shaw, John K"]
[Black "Kennaugh, Charles W"]
[Result "1-0"]
[WhiteElo "2439"]
[BlackElo "2274"]
[PlyCount "79"]
[EventDate "2006.04.29"]
[EventType "team"]
[EventRounds "11"]
[EventCountry "ENG"]
[WhiteTeam "Guildford-ADC 2"]
[BlackTeam "N W Eagles 1"]

1. e4 e5 2. Nf3 Nc6 3. Bb5 f5 4. Bxc6 dxc6 5. Nc3 Nf6 6. Qe2 Bc5 7. exf5 Qe7 8.
Nxe5 Bxf5 9. d3 O-O 10. Bf4 Rae8 11. O-O Bd4 12. Nf3 Qxe2 13. Nxe2 Bxb2 14.
Rae1 Nd5 15. Bd2 Bg4 16. Ng3 Bxf3 17. gxf3 Rxe1 18. Rxe1 Rxf3 19. Kg2 Rf7 20.
c4 Nf4+ 21. Bxf4 Rxf4 22. Ne2 Rg4+ 23. Kh3 h5 24. f3 Rg5 25. Rb1 Bf6 26. Rxb7
Ra5 27. Rxc7 Rxa2 28. Ng3 h4 29. Rc8+ Kf7 30. Nh5 Be7 31. Rxc6 Rf2 32. Nf4
Rxf3+ 33. Kg4 Rf2 34. Rc7 a5 35. Nd5 Re2 36. Ra7 Ke8 37. Nxe7 Rxe7 38. Rxa5 Re3
39. Rd5 h3 40. Kf4 1-0

[Event "4NCL/Div1/GUI2 vs. NWE1"]
[Site "Birmingham ENG"]
[Date "2006.04.29"]
[Round "9.8"]
[White "van der Linden, Lukas"]
[Black "Lalic, Susan"]
[Result "1-0"]
[WhiteElo "2281"]
[BlackElo "2356"]
[PlyCount "65"]
[EventDate "2006.04.29"]
[EventType "team"]
[EventRounds "11"]
[EventCountry "ENG"]
[WhiteTeam "N W Eagles 1"]
[BlackTeam "Guildford-ADC 2"]

1. d4 d5 2. c4 e6 3. Nc3 c5 4. cxd5 cxd4 5. Qa4+ Bd7 6. Qxd4 exd5 7. Qxd5 Nc6
8. Nf3 Nf6 9. Qd1 Bc5 10. e3 Qe7 11. Be2 O-O-O 12. O-O g5 13. b4 g4 14. Nd4 Bd6
15. Ncb5 Bb8 16. Bb2 Rhg8 17. Rc1 g3 18. hxg3 Rxg3 19. Bf3 Rxf3 20. Qxf3 Ne4
21. Rfd1 Ng5 22. Qh5 Rg8 23. Nxc6 bxc6 24. Nd4 Qe4 25. Kf1 Bc7 26. Nf3 Nxf3 27.
Qxf3 Qxb4 28. Rxd7 Qxb2 29. Rxc7+ Kxc7 30. Qxc6+ Kb8 31. Rd1 Qxa2 32. Qb5+ Ka8
33. Rb1 1-0

[Event "4NCL/Div1/3CS1 vs. BAR1"]
[Site "Birmingham ENG"]
[Date "2006.04.29"]
[Round "9.1"]
[White "Davies, Nigel R"]
[Black "Collins, Sam"]
[Result "1-0"]
[WhiteElo "2521"]
[BlackElo "2409"]
[PlyCount "59"]
[EventDate "2006.04.29"]
[EventType "team"]
[EventRounds "11"]
[EventCountry "ENG"]
[WhiteTeam "3Cs Oldham 1"]
[BlackTeam "Barbican 4NCL 1"]

1. e4 c5 2. Nf3 d6 3. c3 Nf6 4. d3 Nc6 5. g3 g6 6. Bg2 Bg7 7. O-O O-O 8. Re1 e5
9. a3 d5 10. Nbd2 d4 11. cxd4 cxd4 12. b4 a6 13. Nb3 Ne8 14. Bg5 f6 15. Bd2 Nd6
16. Rc1 Kh8 17. Nh4 Nb5 18. Rc5 Be6 19. f4 Nxa3 20. f5 Bf7 21. Rd5 Qe8 22. fxg6
hxg6 23. Nc5 Ra7 24. Nd7 Nb5 25. Qg4 Be6 26. Qxg6 Bxd7 27. Bh6 Rf7 28. Rxd7
Qxd7 29. Bh3 Qxh3 30. Qxf7 1-0

[Event "4NCL/Div1/3CS1 vs. BAR1"]
[Site "Birmingham ENG"]
[Date "2006.04.29"]
[Round "9.2"]
[White "Devereaux, Maxim"]
[Black "Jonkman, Harman"]
[Result "1/2-1/2"]
[WhiteElo "2367"]
[BlackElo "2454"]
[PlyCount "93"]
[EventDate "2006.04.29"]
[EventType "team"]
[EventRounds "11"]
[EventCountry "ENG"]
[WhiteTeam "Barbican 4NCL 1"]
[BlackTeam "3Cs Oldham 1"]

1. d4 d5 2. c4 dxc4 3. Nf3 a6 4. e3 e6 5. Bxc4 Nf6 6. Bb3 b5 7. a4 b4 8. Nbd2
a5 9. O-O Bb7 10. e4 Be7 11. e5 Nd5 12. Ne4 h6 13. Qc2 Nd7 14. Nc5 Nxc5 15.
dxc5 c6 16. Bd2 Ba6 17. Rfe1 Qc7 18. Rac1 O-O-O 19. Qe4 g5 20. Nd4 Rd7 21. Bc4
Bxc4 22. Rxc4 Kb8 23. g3 Rc8 24. Nb3 Bf8 25. h4 Be7 26. hxg5 hxg5 27. Kg2 Rh8
28. Rcc1 Rdd8 29. Qc4 Qb7 30. Rh1 Rdg8 31. Rxh8 Rxh8 32. Rh1 Rxh1 33. Kxh1 Bd8
34. Qe4 Qd7 35. Kg2 Kc8 36. Qc4 Qc7 37. Qa6+ Kd7 38. Qe2 Be7 39. Qe4 Ke8 40.
Qh7 Qxe5 41. Nxa5 Nf6 42. Qh8+ Bf8 43. Be3 Qe4+ 44. Kg1 Qb1+ 45. Kg2 Qe4+ 46.
Kg1 Qb1+ 47. Kg2 1/2-1/2

[Event "4NCL/Div1/3CS1 vs. BAR1"]
[Site "Birmingham ENG"]
[Date "2006.04.29"]
[Round "9.3"]
[White "Gordon, Stephen J"]
[Black "Collinson, Adam"]
[Result "1/2-1/2"]
[WhiteElo "2411"]
[BlackElo "2385"]
[PlyCount "95"]
[EventDate "2006.04.29"]
[EventType "team"]
[EventRounds "11"]
[EventCountry "ENG"]
[WhiteTeam "3Cs Oldham 1"]
[BlackTeam "Barbican 4NCL 1"]

1. d4 d6 2. Nf3 Nf6 3. c4 g6 4. Nc3 Bf5 5. Nd2 Bg7 6. e4 Bd7 7. Be2 Nc6 8. Nb3
O-O 9. Be3 a5 10. d5 Nb8 11. O-O e6 12. dxe6 Bxe6 13. c5 Nc6 14. cxd6 Qxd6 15.
Nc5 Bc8 16. Qxd6 cxd6 17. N5a4 Be6 18. Rfd1 Rad8 19. Bb6 Rd7 20. Bb5 Re8 21. f3
d5 22. Nc5 dxe4 23. Nxd7 Nxd7 24. Bxc6 bxc6 25. Bd4 exf3 26. Bxg7 Kxg7 27. gxf3
Rb8 28. b3 Rb4 29. Re1 Rf4 30. Kg2 Nf6 31. Rac1 Nd5 32. Nxd5 Bxd5 33. Re3 g5
34. a3 Rd4 35. Rc5 g4 36. Rxa5 gxf3+ 37. Kg3 Rd2 38. Rxd5 Rxd5 39. Rxf3 Rd2 40.
Rc3 Rb2 41. b4 Ra2 42. h3 Kf8 43. Kf4 Ke7 44. Kg5 Kd6 45. Rf3 Ke6 46. Kf4 c5
47. bxc5 Rc2 48. Re3+ 1/2-1/2

[Event "4NCL/Div1/3CS1 vs. BAR1"]
[Site "Birmingham ENG"]
[Date "2006.04.29"]
[Round "9.4"]
[White "Palliser, Richard"]
[Black "Haslinger, Stewart"]
[Result "1/2-1/2"]
[WhiteElo "2401"]
[BlackElo "2426"]
[PlyCount "47"]
[EventDate "2006.04.29"]
[EventType "team"]
[EventRounds "11"]
[EventCountry "ENG"]
[WhiteTeam "Barbican 4NCL 1"]
[BlackTeam "3Cs Oldham 1"]

1. d4 d5 2. c4 e6 3. Nf3 Nf6 4. Nc3 Be7 5. Bg5 h6 6. Bh4 O-O 7. e3 b6 8. Bd3
dxc4 9. Bxc4 Bb7 10. O-O Nbd7 11. Qe2 a6 12. a4 c5 13. Bg3 Ra7 14. e4 cxd4 15.
Nxd4 Bb4 16. Rad1 Bxc3 17. bxc3 Qe7 18. f3 Rc8 19. Nb3 e5 20. Bf2 a5 21. Ra1
Rxc4 22. Qxc4 Ba6 23. Qc6 Bb7 24. Qc4 1/2-1/2

[Event "4NCL/Div1/3CS1 vs. BAR1"]
[Site "Birmingham ENG"]
[Date "2006.04.29"]
[Round "9.5"]
[White "Ashton, Adam G"]
[Black "Cox, John J"]
[Result "0-1"]
[WhiteElo "2338"]
[BlackElo "2423"]
[PlyCount "116"]
[EventDate "2006.04.29"]
[EventType "team"]
[EventRounds "11"]
[EventCountry "ENG"]
[WhiteTeam "3Cs Oldham 1"]
[BlackTeam "Barbican 4NCL 1"]

1. e4 e6 2. d4 d5 3. Nc3 Bb4 4. e5 c5 5. Qg4 Ne7 6. Nf3 cxd4 7. Nxd4 Qc7 8.
Bb5+ Nd7 9. O-O Bxc3 10. bxc3 O-O 11. Bxd7 Bxd7 12. Ba3 Rfe8 13. Rab1 b6 14.
Bd6 Qb7 15. f4 Nf5 16. Nxf5 exf5 17. Qh4 Re6 18. Rf3 Rg6 19. Rg3 Rxg3 20. Qxg3
h6 21. Qd3 Rc8 22. Rf1 Rc4 23. e6 Bxe6 24. Be5 Kh7 25. Bd4 Qd7 26. Re1 Rc8 27.
Qg3 Rg8 28. Qd3 Qc7 29. Re5 Qc4 30. Qxc4 dxc4 31. a4 Rb8 32. Kf2 Kg6 33. Ke3
Bd7 34. a5 f6 35. Re7 Bc6 36. axb6 axb6 37. g3 Be4 38. h3 Bxc2 39. g4 b5 40.
Kf3 Be4+ 41. Kg3 b4 42. cxb4 Rxb4 43. Rc7 Rb3+ 44. Kh2 Bd3 45. Kg2 Rb7 46. Rxb7
Be4+ 47. Kg3 Bxb7 48. Bc3 Bc8 49. Bb4 Kf7 50. Kf3 g5 51. Bc3 Kg6 52. Kg3 Bb7
53. Bd2 fxg4 54. hxg4 f5 55. fxg5 hxg5 56. gxf5+ Kxf5 57. Be1 g4 58. Bb4 Bf3
0-1

[Event "4NCL/Div1/3CS1 vs. BAR1"]
[Site "Birmingham ENG"]
[Date "2006.04.29"]
[Round "9.6"]
[White "Ferguson, Mark"]
[Black "Walton, Alan J"]
[Result "1-0"]
[WhiteElo "2388"]
[BlackElo "2200"]
[PlyCount "75"]
[EventDate "2006.04.29"]
[EventType "team"]
[EventRounds "11"]
[EventCountry "ENG"]
[WhiteTeam "Barbican 4NCL 1"]
[BlackTeam "3Cs Oldham 1"]

1. e4 e6 2. d3 d5 3. Nd2 Nf6 4. Ngf3 Nc6 5. c3 a5 6. g3 dxe4 7. dxe4 Bc5 8. Bb5
O-O 9. O-O Bd7 10. Qe2 Qe7 11. e5 Ng4 12. Bd3 f6 13. exf6 gxf6 14. Nd4 Nge5 15.
Nxc6 Bxc6 16. Be4 Rad8 17. Bxc6 Nxc6 18. Ne4 Bb6 19. Bh6 Rf7 20. Rad1 Rd5 21.
Rxd5 exd5 22. Qg4+ Kh8 23. Nd2 f5 24. Qf4 Qe2 25. Nf3 Kg8 26. Qg5+ Kh8 27. Qf4
Kg8 28. Kg2 Ne7 29. Re1 Qxf2+ 30. Kh3 Bc5 31. Qxc7 Ng6 32. Qd8+ Bf8 33. Bxf8
Qxf3 34. Bh6+ Nf8 35. Qg5+ Kh8 36. Re8 Qf1+ 37. Kh4 Qc4+ 38. Kh5 1-0

[Event "4NCL/Div1/3CS1 vs. BAR1"]
[Site "Birmingham ENG"]
[Date "2006.04.29"]
[Round "9.7"]
[White "Hamelink, Desiree"]
[Black "Knott, Simon"]
[Result "1/2-1/2"]
[WhiteElo "2198"]
[BlackElo "2378"]
[PlyCount "101"]
[EventDate "2006.04.29"]
[EventType "team"]
[EventRounds "11"]
[EventCountry "ENG"]
[WhiteTeam "3Cs Oldham 1"]
[BlackTeam "Barbican 4NCL 1"]

1. e4 e6 2. d4 d5 3. Nd2 c5 4. Ngf3 cxd4 5. exd5 Qxd5 6. Bc4 Qd6 7. O-O Nf6 8.
Nb3 Nc6 9. Nbxd4 Nxd4 10. Nxd4 a6 11. c3 Qc7 12. Bb3 Bd6 13. h3 O-O 14. Qe2 b5
15. Bg5 Bb7 16. Bc2 Nd5 17. Qh5 g6 18. Qh6 Rfe8 19. Rfe1 f6 20. Bd2 Bh2+ 21.
Kh1 Bf4 22. Bxf4 Qxf4 23. Qxf4 Nxf4 24. Be4 Bxe4 25. Rxe4 e5 26. Nf3 Nd3 27.
Re2 Rad8 28. Kg1 Kf7 29. Rd2 Nc5 30. Rad1 Ke7 31. Kf1 Na4 32. Ke2 Rxd2+ 33.
Rxd2 Rc8 34. Kd1 g5 35. Ke2 h5 36. g3 Ke6 37. Rc2 g4 38. hxg4 hxg4 39. Nd2 f5
40. a3 Nb6 41. b3 a5 42. Rc1 a4 43. Rh1 Rc6 44. bxa4 Nxa4 45. Rh6+ Kd5 46. Rxc6
Kxc6 47. c4 bxc4 48. Nxc4 Kd5 49. Nd2 Kd4 50. Nb3+ Kc4 51. Nd2+ 1/2-1/2

[Event "4NCL/Div1/3CS1 vs. BAR1"]
[Site "Birmingham ENG"]
[Date "2006.04.29"]
[Round "9.8"]
[White "Lauterbach, Ingrid"]
[Black "Bentley, John L"]
[Result "1-0"]
[WhiteElo "2131"]
[BlackElo "2244"]
[PlyCount "95"]
[EventDate "2006.04.29"]
[EventType "team"]
[EventRounds "11"]
[EventCountry "ENG"]
[WhiteTeam "Barbican 4NCL 1"]
[BlackTeam "3Cs Oldham 1"]

1. e4 c5 2. Nf3 g6 3. g3 Bg7 4. Bg2 Nf6 5. Qe2 Nc6 6. c3 O-O 7. O-O e5 8. Na3
Re8 9. Nc2 d5 10. exd5 Nxd5 11. Qc4 Bf5 12. Nfe1 e4 13. Qxc5 Ne5 14. Nd4 b6 15.
Qb5 Nc7 16. Qb3 Nf3+ 17. Ndxf3 exf3 18. Bxf3 Ne6 19. d4 Rc8 20. Qd1 h5 21. h4
Qc7 22. Ng2 Rcd8 23. Re1 b5 24. a3 a5 25. Nf4 b4 26. Nxe6 Rxe6 27. Bf4 Qb6 28.
axb4 axb4 29. Rxe6 fxe6 30. Qb3 Kh7 31. Ra4 Qb5 32. Rxb4 Qd3 33. Qd1 Qa6 34.
Rb7 Bg4 35. Rxg7+ Kxg7 36. Be5+ Kh7 37. Bxg4 hxg4 38. Qxg4 Rf8 39. Qd1 Qa8 40.
h5 Qe4 41. hxg6+ Kxg6 42. c4 Rf5 43. b4 Rf3 44. Bf4 Kg7 45. b5 Kf8 46. c5 Rd3
47. Qg4 Qh7 48. Be3 1-0

[Event "4NCL/Div1/HKF1 vs. AD"]
[Site "Birmingham ENG"]
[Date "2006.04.29"]
[Round "9.1"]
[White "Wells, Peter K"]
[Black "Rogers, Ian"]
[Result "1/2-1/2"]
[WhiteElo "2495"]
[BlackElo "2564"]
[PlyCount "93"]
[EventDate "2006.04.29"]
[EventType "team"]
[EventRounds "11"]
[EventCountry "ENG"]
[WhiteTeam "H Kingfisher 1"]
[BlackTeam "The ADs 1"]

1. d4 e6 2. e4 c5 3. d5 exd5 4. exd5 d6 5. Nf3 Nf6 6. Bb5+ Bd7 7. a4 Be7 8. O-O
O-O 9. Re1 Na6 10. Nc3 Nb4 11. Bf4 Re8 12. h3 a6 13. Bf1 Bf5 14. Rc1 Qd7 15.
Qd2 h6 16. g4 Bh7 17. Bg2 Bf8 18. Bg3 b5 19. Rxe8 Rxe8 20. axb5 axb5 21. Nh2
Na6 22. Ra1 Qb7 23. Bh4 g5 24. Bg3 b4 25. Nd1 Ne4 26. Bxe4 Rxe4 27. Ne3 Nc7 28.
Nf3 Ne8 29. h4 Be7 30. hxg5 hxg5 31. Re1 Bf6 32. Nc4 Rxc4 33. Rxe8+ Kg7 34.
Bxd6 Rxg4+ 35. Kh2 Be4 36. Bf8+ Kh7 37. Rxe4 Rxe4 38. Qd3 Kg8 39. Qxe4 Kxf8 40.
b3 Qe7 41. Qf5 Kg7 42. Kg2 Kf8 43. Nd2 Qe5 44. Qxe5 Bxe5 45. Ne4 Ke7 46. Nxg5
f5 47. Nf3 1/2-1/2

[Event "4NCL/Div1/HKF1 vs. AD"]
[Site "Birmingham ENG"]
[Date "2006.04.29"]
[Round "9.2"]
[White "Chandler, Murray G"]
[Black "Andersson, Ulf"]
[Result "1/2-1/2"]
[WhiteElo "2551"]
[BlackElo "2545"]
[PlyCount "41"]
[EventDate "2006.04.29"]
[EventType "team"]
[EventRounds "11"]
[EventCountry "ENG"]
[WhiteTeam "The ADs 1"]
[BlackTeam "H Kingfisher 1"]

1. e4 e6 2. d4 d5 3. Nc3 Nf6 4. e5 Nfd7 5. Nf3 c5 6. dxc5 Nc6 7. Bf4 Bxc5 8.
Bd3 f6 9. exf6 Nxf6 10. O-O O-O 11. Ne5 Bd7 12. Qe2 Qe7 13. Rae1 Rac8 14. a3 a6
15. Bg3 Nxe5 16. Bxe5 Bc6 17. Kh1 Bd6 18. f4 Bxe5 19. Qxe5 Nd7 20. Qh5 g6 21.
Qh3 1/2-1/2